La Réponse commence par "Anti-" ! - Statistiques

Statistiques générales
  • Ce quiz a été pris 134 fois
  • Le résultat moyen est 10 sur 18
Statistiques - réponses
Indice Mot % Correct
Nécessaire pour bien commencer un repas, à l'italienne Antipasto
82%
Fille d'Œdipe et quartier de Montpellier Antigone
79%
Station balnéaire de la côte d'azur, non loin de Cannes qui est aussi le nom d'un cap Antibes
75%
Avoir un peu d'avance Anticiper
71%
Héros qui n'en est pas tout à fait un Antihéros
71%
Abréviation, qui n'aime pas trop trop les fachos Antifa
70%
Groupe de bovidés du Sud de l'Afrique comprenant les gazelles, les gnous et les impalas Antilopes
70%
Période le l'histoire chère aux précurseurs de la Renaissance Antiquité
69%
Archipel découvert par un célèbre génois en 1492 Antilles
65%
Pièce d'attente, placée au devant du reste du bâtiment Antichambre
64%
Île découverte en 1493, par ce même génois, sa plus grande ville est Saint John's Antigua
56%
Lors d'une apocalypse à cause sanitaire, il est préférable d'en trouver un rapidement Antidote
52%
Opposé, s'utilise souvent pour des localisations sur une sphère Antipode
48%
Élément chimique numéro 51 de symbole Sb Antimoine
36%
Ancienne principauté et ville latine d'Orient fondée en 300 avant Jésus-Christ, dans l'actuelle Syrie et non loin de la Méditerranée Antioche
26%
"Ensemble des antiparticules qui ont la même masse et le même spin, mais des charges, nombres baryoniques et nombres leptoniques opposés aux particules ordinaires" Antimatière
25%
Contrairement à ce qu'on pourrait penser, cela ne sert pas à prouver que la Terre est ronde mais bien un désinfectant à usage corporel Antiseptique
23%
Amie de Ducobu et de Monsieur Kitrish Antisèche
11%
Aucun quiz correspondant
Distribution des résultats
% des personnes avec chaque résultat
Percentile par nombre de réponses
Votre historique - résultats
Vous n’avez pas pris ce quiz